000 00422nam a2200157Ia 4500
003 GCL
008 140319s9999 xx 000 0 ara d
040 _aGCL /
_cGCL
082 0 4 _a330.9
_bج ع
100 1 _aجامعة باتريس
245 1 0 _aعرض اقتصادى تاريخى /
_cجامعة باتريس
490 _a
650 0 4 _aالماركسية
650 0 4 _aالاقتصاد - تاريخ
942 _2ddc
_cBK
999 _c39591
_d39591